000 00680cam a2200217 a 4500
020 _a2747595838 (pbk.)
040 _cAUXAM
082 _a134 HAR 2005 A002 Co.
100 1 _aMarkiewicz, Jacques,
245 1 0 _aTu vivras mon fils :
_ble destin exceptionnel d'un adolescent juif polonais pour survivre à la Shoah /
260 _aParis :
_bHarmattan,
_cc2005.
300 _a129 p. :
_bill., map ;
_c22 cm.
490 1 _aGraveurs de mémoire
650 0 _aJews
650 0 _aJewish children in the Holocaust
650 0 _aHolocaust, Jewish (1939-1945)
650 0 _aConcentration camps
700 1 _aBernstein, Alain-André,
700 1 _aMarkiewicz, Sophie,
942 _cFB
999 _c16405
_d16405